| 000 | 00887pab a2200169 454500 | ||
|---|---|---|---|
| 008 | 180718b2002 xxu||||| |||| 00| 0 eng d | ||
| 100 | _aRajasekhar, D. | ||
| 245 | _aEconomic programmes and poverty reduction: NGO experiences from Tamil Nadu | ||
| 260 | _c2002 | ||
| 300 | _ap.3063-068. | ||
| 362 | _a20 Jul | ||
| 520 | _aThis paper analyses the impact of the economic programmes of SHARE, an NGO in Tamil Nadu, on poverty reduction, with the help of data collected from the households of 84 women members. The economic programmes contributed to savings and income increase for the women. However, the member group was not found to be significantly different from the comparison group in terms of control over income and decision-making. - Reproduced. | ||
| 650 | _aPoverty - India - Tamil Nadu | ||
| 650 | _aPoverty | ||
| 773 | _aEconomic and Political Weekly | ||
| 909 | _a53167 | ||
| 999 |
_c53167 _d53167 |
||